Soil mechanics and geotechnical engineering (Record no. 599688)

MARC details
000 -LEADER
fixed length control field 00838nam a22002057a 4500
008 - FIXED-LENGTH DATA ELEMENTS--GENERAL INFORMATION
fixed length control field 251202b |||||||| |||| 00| 0 eng d
020 ## - INTERNATIONAL STANDARD BOOK NUMBER
ISBN 9789058092359
Paper back/Hardbound pbk.
041 ## - LANGUAGE CODE
Language code of text/sound track or separate title eng
082 ## - DEWEY DECIMAL CLASSIFICATION NUMBER
Classification number 624.15136
Item number SHR
100 ## - MAIN ENTRY--AUTHOR NAME
Personal name Shroff,, Arvind V. ; Shah, Dhananjay L.
245 ## - TITLE STATEMENT
Title Soil mechanics and geotechnical engineering
Statement of responsibility, etc / Arvind V. Shroff, Dhananjay L. Shah
250 ## - EDITION STATEMENT
Edition statement 1st ed.
260 ## - PUBLICATION, DISTRIBUTION, ETC. (IMPRINT)
Place of publication Lisse
Name of publisher A.A. Balkema
Year of publication ©2003
300 ## - PHYSICAL DESCRIPTION
Number of Pages xiii, 533 p.
Other physical details : ill.
Dimensions ; 24 cm.
504 ## - BIBLIOGRAPHY, ETC. NOTE
Bibliography, etc Includes bibliographies and index
520 ## - SUMMARY, ETC.
Summary, etc Examining the core principles of soil mechanics and geotechnical engineering, this text also covers the design methodology of shallow and deep foundations, as well as ground improvement techniques, such as reinforced earth and geotextiles.<br/>
650 ## - SUBJECT ADDED ENTRY--TOPICAL TERM
Topical Term Soil mechanics
942 ## - ADDED ENTRY ELEMENTS (KOHA)
Koha item type English Books
Holdings
Withdrawn status Lost status Damaged status Not for loan Home library Current library Shelving location Date acquired Full call number Accession Number Price effective from Koha item type
        Anna Centenary Library Anna Centenary Library 6TH FLOOR, A WING 19.08.2010 624.15136 SHR 171289 02.12.2025 Reference

Find us on the map